Statistiques concernant Villes de la Métropole Européenne de Lille

Cliquez ici pour prendre le quiz!

Statistiques générales

  • Ce quiz a été pris 78 fois
  • Le résultat moyen est 23 sur 92

Statistiques - réponses

HintVille% Correct
path1208#48Lille
94%
path1099#68Roubaix
88%
path1048#79Tourcoing
84%
path1204#83Villeneuve-d'Ascq
69%
path1060#54Marcq-en-Baroeul
58%
path1075#42Lambersart
55%
path1068#57Mons-en-Baroeul
55%
path1059#50Lomme
51%
path1057#86Wasquehal
51%
path1063#2Armentières
49%
path1115#40La Chapelle-d'Armentières
49%
path1073#46Lesquin
46%
path1069#52Loos
45%
path1137#13Croix
43%
path1218#88Wattrelos
40%
path1166#41La Madeleine
39%
path1162#66Ronchin
39%
path1121#75Seclin
39%
path1081#87Wattignies
39%
path1168#34Hem
36%
path1111#22Faches-Thumesnil
31%
path1117#72Saint-André-lez-Lille
30%
path1131#84Wambrechies
30%
path1066#30Halluin
28%
path1055#45Leers
28%
path1042#76Sequedin
28%
path1178#7Bondues
27%
path1149#32Haubourdin
27%
path1202#47Lezennes
25%
path1186#70Sainghin-en-Mélantois
25%
path1109#71Sainghin-en-Weppes
25%
path1095#55Marquette-lez-Lille
24%
path1097#58Mouvaux
24%
path1145#67Roncq
24%
path1113#26Fretin
22%
path1206#33Hellemmes
22%
path1184#39La Bassée
22%
path1032#61Pérenchies
22%
path1174#12Comines
21%
path1170#17Englos
21%
path1188#43Lannoy
21%
path1034#77Templemars
21%
path1105#89Wavrin
21%
path1062#36Houplin-Ancoisne
19%
path1103#53Lys-lez-Lannoy
19%
path1127#4Baisieux
18%
path1198#64Quesnoy-sur-Deûle
18%
path1123#74Santes
18%
path1064#23Forest-sur-Marque
16%
path1083#37Houplines
16%
path1077#38Illies
16%
path1087#59Neuville-en-Ferrain
16%
path1071#78Toufflers
16%
path1172#82Verlinghem
16%
path1119#1Anstaing
15%
path1067#8Bousbecque
15%
path1143#11Chéreng
15%
path1036#28Gruson
15%
path1176#49Linselles
15%
path1061#73Salomé
15%
path1147#9Bouvines
13%
path1093#56Marquillies
13%
path1101#69Sailly-lez-Lannoy
13%
path1079#80Tressin
13%
path1030#81Vendeville
13%
path1091#10Capinghem
12%
path1194#15Don
12%
path1192#24Fournes-en-Weppes
12%
path1210#25Frelinghien
12%
path1052#29Hallennes-lez-Haubourdin
12%
path1141#35Herlies
12%
path1054#62Péronne-en-Mélantois
12%
path1180#85Warneton
12%
path1050#92Willems
12%
path1125#5Beaucamps-Ligny
10%
path1129#6Bois-Grenier
10%
path1056#14Deûlémont
10%
path1212#16Emmerin
10%
path1085#18Ennetières-en-Weppes
10%
path1196#44Le Maisnil
10%
path1058#51Lompret
10%
path1021#63Prémesques
10%
path1190#3Aubers
9%
path1133#20Erquinghem-le-Sec
9%
path1200#19Erquinghem-Lys
9%
path1182#27Fromelles
9%
path1107#91Wicres
9%
path1135#21Escobecques
7%
path1025#60Noyelles-lès-Seclin
7%
path1089#90Wervicq-Sud
7%
path1139#31Hantay
6%
path1153#65Radinghem-en-Weppes
6%

Distribution des résultats

Percentile par nombre de réponses

% des personnes avec chaque résultat

Votre développement - résultats

Vous n’avez pas pris ce quiz